000 01635nam a2200313 a 4500
001 ebr10658453
003 CaPaEBR
006 m u
007 cr cn|||||||||
008 130222s2013 njua sb 101 0 eng d
020 _z9781118605646
020 _z9781118659052 (e-book)
040 _aCaPaEBR
_cCaPaEBR
035 _a(OCoLC)834538340
050 1 4 _aTA410
_b.C43 2013eb
245 0 0 _aCharacterization of minerals, metals, and materials 2013
_h[electronic resource] :
_bproceedings of a symposium sponsored by the Materials Characterization Committee of the Extraction and Processing Division of TMS (The Minerals, Metals & Materials Society) : held during the TMS 2013 Annual Meeting & Exhibition, San Antonio, Texas, USA, March 3-7, 2013 /
_cedited by Jiann-Yang Hwang ... [et al.].
260 _aHoboken, N.J. :
_bWiley,
_c2013.
300 _axix, 574 p. :
_bill.
504 _aIncludes bibliographical references and index.
533 _aElectronic reproduction.
_bPalo Alto, Calif. :
_cebrary,
_d2013.
_nAvailable via World Wide Web.
_nAccess may be limited to ebrary affiliated libraries.
650 0 _aMaterials
_xTesting
_vCongresses.
650 0 _aMaterials
_xAnalysis
_vCongresses.
655 7 _aElectronic books.
_2local
700 1 _aHwang, Jiann-Yang.
710 2 _aMinerals, Metals and Materials Society.
_bExtraction and Processing Division.
710 2 _aMinerals, Metals and Materials Society.
_bMeeting
_n(141st :
_d2012 :
_cOrlando, Fla.)
710 2 _aebrary, Inc.
856 4 0 _uhttp://site.ebrary.com/lib/rucke/Doc?id=10658453
_zAn electronic book accessible through the World Wide Web; click to view
999 _c65372
_d65372